| 000 | 00667nam a2200193 i 4500 | ||
|---|---|---|---|
| 001 | 145474 | ||
| 003 | ES-MaACL | ||
| 005 | 20250817071106.0 | ||
| 007 | t| | ||
| 008 | 070214s1977 sp r ||||1| spa d | ||
| 100 | 1 |
_aSpicq, Ceslaus. _9107714 |
|
| 245 | 1 | 0 |
_aAgape en el Nuevo Testamento _b: análisis de textos / _c[por] C. Spicq, O. P. ; versión [del francés] por religiosos dominicos del estudio teológico de San Esteban de Salamanca. |
| 260 |
_aMadrid : _bCares, _c1977. |
||
| 300 |
_a1336 p. ; _c21 cm. |
||
| 504 | _aBibliografía: p. 1323-1333. | ||
| 650 | 0 | 7 |
_aCaridad _2embne _910780 |
| 852 |
_aES-MaACL _jL-6135 _bR.106866 |
||
| 999 |
_c145474 _d145474 |
||